书目信息 |
| 题名: |
物理化学实验
|
|
| 作者: | 罗澄源 编 | |
| 分册: | ||
| 出版信息: | 北京 高等教育出版社 1979.02 |
|
| 页数: | 343页 | |
| 开本: | 20cm | |
| 丛书名: | ||
| 单 册: | ||
| 中图分类: | O64-33 | |
| 科图分类: | ||
| 主题词: | 物理化学 , 量子化学 | |
| 电子资源: | ||
| ISBN: | 7-04-003690-8 | |
| 000 | 00595nam0 2200217 45 | |
| 001 | 0258834764 | |
| 005 | 2002061016203404 | |
| 010 | @a7-04-003690-8@dRMB 10.70 | |
| 100 | @a20020610d1979 km y0chiy0120 ea | |
| 101 | 0 | @achi |
| 102 | @aCN@b110000 | |
| 200 | 1 | @a物理化学实验@Awu li hua xue shi yan@f罗澄源等编@Fluo cheng yuan deng bian |
| 205 | @a3版 | |
| 210 | @a北京@c高等教育出版社@d1979.02 | |
| 215 | @a343页@d20cm | |
| 606 | 0 | @a物理化学 |
| 606 | 0 | @a量子化学 |
| 690 | @aO64-33@v3 | |
| 701 | 0 | @a罗澄源@Aluo cheng yuan@4编 |
| 801 | 0 | @aCN@bPFT@c20020610 |
| 905 | @a安徽大学@dO64-33@eL930 | |
| 物理化学实验/罗澄源等编.-3版.-北京:高等教育出版社,1979.02 |
| 343页;20cm |
| ISBN 7-04-003690-8:RMB 10.70 |
| ● |
| 相关链接 |
|
|
|
正题名:物理化学实验
索取号:O64-33/L930
 
预约/预借
| 序号 | 登录号 | 条形码 | 馆藏地/架位号 | 状态 | 备注 |
| 1 | 362967 | 203629671 | 自科库401/401自科库 64排2列2层/ [索取号:O64-33/L930] | 在馆 | |
| 2 | 362968 | 203629680 | 自科库401/401自科库 64排2列2层/ [索取号:O64-33/L930] | 在馆 | |
| 3 | 362969 | 203629699 | 自科库401/401自科库 64排2列2层/ [索取号:O64-33/L930] | 在馆 |